| 000 | 00000nam 2200000za 4500 |
| 001 | 9.843486 |
| 003 | CaOODSP |
| 005 | 20221107152531 |
| 007 | cr ||||||||||| |
| 008 | 170913s1958 onc |o f|0| 0 eng d |
| 040 | |aCaOODSP|beng |
| 043 | |an-cn--- |
| 086 | 1 |aCS13-502/1958E-PDF |
| 245 | 00|aNational Accounts income and expenditure, 1926-1956 |h[electronic resource]. |
| 260 | |aOttawa : |bDominion Bureau of Statistics, |c1958. |
| 300 | |a203 p. : |bcharts. |
| 500 | |aIssued also in French under title: Comptes nationaux, revenus et dépenses. |
| 500 | |aDigitized edition from print [produced by Statistics Canada]. |
| 520 | |a"The present publication represents a further stage in the improvement and extension of Canada's National Accounts. It consolidates and brings up-to-date the work on the annual data which has been carried out since 1951 when the historical series were first published in National Accounts, Income and Expenditure, 1926-1950. The present report supersedes all previous publications on National Accounts issued by the Dominion Bureau of Statistics"--Foreword. |
| 692 | 07|2gccst|aPublic accounts |
| 692 | 07|2gccst|aExpenditures |
| 710 | 1 |aCanada.|bDominion Bureau of Statistics.|bResearch and Development Division. |
| 775 | 08|tComptes nationaux, revenus et dépenses, 1926-1956 |w(CaOODSP)9.843489 |
| 856 | 40|qPDF|s36.90 MB|uhttps://publications.gc.ca/collections/collection_2017/statcan/CS13-502-1958-eng.pdf |
| 986 | |a13-502 |